[Event "San Jose Picado"]
[Site "San Jose"]
[Date "2021.03.06"]
[Round "4"]
[White "Pastor Carvajal, Jeigoth"]
[Black "Melendez Arce, Caleth"]
[Result "1-0"]
[WhiteElo "1730"]
[BlackElo "1632"]
[PlyCount "85"]
[EventDate "2021.03.02"]
[EventType "tourn"]
[EventRounds "7"]
[EventCountry "CRI"]
[SourceTitle "EXT 2022"]
[Source "ChessBase"]
[SourceDate "2021.10.06"]
[SourceVersion "1"]
[SourceVersionDate "2021.10.06"]
[SourceQuality "1"]

1. e4 e6 2. d4 d5 3. Bd3 dxe4 4. Bxe4 Nf6 5. Bf3 Nc6 6. Ne2 e5 7. Bxc6+ bxc6 8. 0-0 e4 9. Re1 Bd6 10. Ng3 Bxg3 11. hxg3 0-0 12. Bg5 Bf5 13. Nc3 Re8 14. Qd2 h6 15. Bxf6 Qxf6 16. Ne2 Rad8 17. c3 Bg4 18. Qf4 Qxf4 19. Nxf4 c5 20. dxc5 Rd2 21. f3 Bf5 22. g4 Bh7 23. Re2 Rxe2 24. Nxe2 exf3 25. Nd4 fxg2 26. Kxg2 Re5 27. b4 Re3 28. Rc1 Be4+ 29. Kf2 Rd3 30. Nb5 Rf3+ 31. Ke2 Rg3 32. Nxc7 Rxg4 33. Nb5 f5 34. Nxa7 Rg2+ 35. Ke3 Rxa2 36. Nb5 Rh2 37. Nd6 Bc2 38. b5 g5 39. c6 f4+ 40. Kd4 Rd2+ 41. Kc5 Bd1 42. b6 f3 43. c7 1-0

[Event "San Jose Picado"]
[Site "San Jose"]
[Date "2021.03.05"]
[Round "3"]
[White "Calvo Campos, Adrian"]
[Black "Melendez Arce, Caleth"]
[Result "0-1"]
[WhiteElo "1755"]
[BlackElo "1632"]
[PlyCount "54"]
[EventDate "2021.03.02"]
[EventType "tourn"]
[EventRounds "7"]
[EventCountry "CRI"]
[SourceTitle "EXT 2022"]
[Source "ChessBase"]
[SourceDate "2021.10.06"]
[SourceVersion "1"]
[SourceVersionDate "2021.10.06"]
[SourceQuality "1"]

1. e4 e6 2. b3 d5 3. Bb2 Nf6 4. e5 Nfd7 5. f4 c5 6. Qg4 Nc6 7. Nc3 a6 8. 0-0-0 Qa5 9. Kb1 b5 10. Nf3 c4 11. f5 Nc5 12. Nxd5 exd5 13. e6 fxe6 14. Qh5+ Kd8 15. fxe6 Bxe6 16. Ng5 Bg8 17. g3 cxb3 18. axb3 Nb4 19. Nf7+ Bxf7 20. Qxf7 Qa2+ 21. Kc1 Rc8 22. Bc4 bxc4 23. bxc4 Qxc4 24. Bf6+ gxf6 25. Qxf6+ Be7 26. Qxh8+ Kd7 27. Qc3 Na2+ 0-1

[Event "Pan American-ch Amateur U1700"]
[Site "San Jose"]
[Date "2019.10.23"]
[Round "1.8"]
[White "Diaz Charpentier, Ashly Valeri"]
[Black "Melendez Arce, Caleth"]
[Result "0-1"]
[WhiteElo "1056"]
[BlackElo "1628"]
[PlyCount "90"]
[EventDate "2019.10.23"]
[EventType "swiss"]
[EventRounds "9"]
[EventCountry "CRI"]
[SourceTitle "EXT 2024"]
[Source "ChessBase"]
[SourceDate "2023.10.10"]
[SourceVersion "1"]
[SourceVersionDate "2023.10.10"]
[SourceQuality "1"]

1. e4 e6 2. Nc3 d5 3. exd5 exd5 4. d4 Nc6 5. Be3 Bf5 6. Bb5 Bb4 7. Nge2 Nge7 8. 0-0 Qd7 9. a3 Bd6 10. Re1 0-0-0 11. Bf4 Kb8 12. Qd2 f6 13. Na4 g5 14. Bg3 h5 15. Bxd6 Qxd6 16. Ng3 Bg6 17. Nc5 Bf7 18. Re2 h4 19. Nf1 Ng6 20. Rae1 Nf4 21. Re3 Rde8 22. Rxe8+ Rxe8 23. Ne3 Bg6 24. Ng4 Rxe1+ 25. Qxe1 Nxd4 26. Nd7+ Kc8 27. Bd3 Nxd3 28. cxd3 Kxd7 29. Qe3 Qe6 30. Qxe6+ Kxe6 31. f3 Bxd3 32. Kf2 Nc2 33. g3 hxg3+ 34. hxg3 f5 35. Nh6 d4 36. g4 f4 37. Ng8 Bh7 38. Nh6 d3 39. Kf1 Nd4 40. Kf2 d2 41. Nf5 d1Q 42. Nxd4+ Qxd4+ 43. Kg2 Bd3 44. Kh2 Qf2+ 45. Kh3 Bf1# 0-1